| 000 | 01533nam a2200229 a 4500 | ||
|---|---|---|---|
| 008 | 201111s2009 ||||||||||||||||| || u | ||
| 020 | _a9781405167437 | ||
| 050 | _aR 727.8 Int | ||
| 100 | _aDickinsin, Helen | ||
| 245 | 1 | 0 |
_aInternational perspectives on health and social care : partnership working in action _cEdited by Jon Glasby; Helen Dickinson |
| 260 |
_aWest Sussex _bWiley-Blackwell _c2009 |
||
| 300 | _a xi, 171 pages : illustrations | ||
| 650 | 0 | _aSOCIAL SERVICE | |
| 650 | _aMEDICAL COOPERATON | ||
| 650 | _aINTERPROFESSIONAL RELATIONS | ||
| 700 | _aGlasby, Jon | ||
| 995 |
_aMICHAEL CHILUFYA SATA OPEN ACCESS _D71.89 _e905096 _FCBU-SCHOOL OF MEDICINE LIBRARY (Ndola) _jR 727.8 Int _M4 _UAVAILABLE _WNov 12, 2020 _y905096 _ZMedical Library Open Access Collection |
||
| 995 |
_aMEDICAL LIBRARY OPEN ACCESS _D71.89 _e905094 _FCBU-SCHOOL OF MEDICINE LIBRARY (Ndola) _jR 727.8 Int _M2 _UAVAILABLE _WNov 12, 2020 _y905094 _ZMedical Library Open Access Collection |
||
| 995 |
_aMICHAEL CHILUFYA SATA OPEN ACCESS _D71.89 _e905093 _FCBU-SCHOOL OF MEDICINE LIBRARY (Ndola) _jR 727.8 Int _M1 _UAVAILABLE _WNov 12, 2020 _y905093 _ZMedical Library Open Access Collection |
||
| 995 |
_aMEDICAL LIBRARY OPEN ACCESS _D71.89 _e905097 _FCBU-SCHOOL OF MEDICINE LIBRARY (Ndola) _jR 727.8 Int _M5 _UAVAILABLE _WNov 12, 2020 _y905097 _ZMedical Library Open Access Collection |
||
| 995 |
_aMICHAEL CHILUFYA SATA OPEN ACCESS _D71.89 _e905095 _FCBU-SCHOOL OF MEDICINE LIBRARY (Ndola) _jR 727.8 Int _M3 _UAVAILABLE _WNov 12, 2020 _y905095 _ZMedical Library Open Access Collection |
||
| 999 |
_c64121 _d64121 |
||